|
|
|
|
| LEADER |
01028nam a2200277 a 4500 |
| 001 |
3074588 |
| 008 |
100406s1998 inua 001 0 eng d |
| 010 |
|
|
|a 97080937
|
| 020 |
|
|
|a 8176351369
|
| 020 |
|
|
|a 0672312425
|
| 040 |
|
|
|a INS
|c INS
|d DLC
|d BD-DhAAL
|
| 082 |
0 |
0 |
|a 005.2/768
|2 21
|
| 100 |
1 |
|
|a Williams, Mickey.
|
| 245 |
1 |
0 |
|a Teach yourself Visual C++ 5 in 24 hours /
|c Mickey Williams.
|
| 246 |
1 |
4 |
|a Sams' teach yourself Visual C++ 5 in 24 hours
|
| 246 |
1 |
8 |
|a Sams' teach yourself Visual C++ 5 in 24 hours
|
| 250 |
|
|
|a 1st ed.
|
| 260 |
|
|
|a Indianapolis, Ind. :
|b Sams Pub. ;
|b Technomedia,
|c c1998.
|
| 300 |
|
|
|a xvii, 439 p. :
|b ill. ;
|c 24 cm.
|
| 504 |
|
|
|a Includes index.
|
| 541 |
1 |
|
|e 00007123
|
| 650 |
|
0 |
|a C++ (Computer program language)
|
| 630 |
0 |
0 |
|a Microsoft Visual C++.
|
| 852 |
4 |
|
|a Ayesha Abed Library
|j General shelf
|
| 999 |
|
|
|c 7996
|d 7996
|
| 952 |
|
|
|0 0
|1 0
|2 ddc
|4 0
|6 005_276800000000000_WIL_1998
|7 0
|9 9049
|a BRACUL
|b BRACUL
|c GEN
|d 2010-04-07
|l 4
|m 20
|o 005.2768 WIL
|p 3010007123
|r 2025-04-06
|s 2025-03-19
|t 1
|w 2010-04-07
|y BK
|